Normal view
MARC view
Entry Personal Name
001 - CONTROL NUMBER
- control field: 960
003 - CONTROL NUMBER IDENTIFIER
- control field: ARRUPE
005 - DATE AND TIME OF LATEST TRANSACTION
- control field: 20130924133630.0
008 - FIXED-LENGTH DATA ELEMENTS
- fixed length control field: 130924|| aca||aabn | a|a d
040 ## - CATALOGING SOURCE
- Original cataloging agency: ARRUPE
- Transcribing agency: ARRUPE
100 ## - HEADING--PERSONAL NAME
- Personal name: Mangena, Fainos.
670 ## - SOURCE DATA FOUND
- Source citation: Work cat.: (ARRUPE)0: Mangena, Fainos., On ubuntu and retributive punishment in Korekore-Nyombwe culture :, c2012.